Countries with the Most Species of Amphibians - Statistics

General Stats
  • This quiz has been taken 47 times
  • The average score is 13 of 16
Answer Stats
# Species Country % Correct
313 United States
100%
1,022 Brazil
98%
461 China
95%
771 Colombia
95%
396 Mexico
95%
434 India
93%
572 Peru
93%
363 Venezuela
88%
245 Australia
86%
244 D.R. Congo
86%
365 Indonesia
86%
626 Ecuador
84%
256 Bolivia
72%
269 Malaysia
67%
395 Papua New Guinea
58%
360 Madagascar
42%
No matching quizzes found
Score Distribution
Percent of People with Each Score
Percentile by Number Answered
Your Score History
You have not taken this quiz